El cumplimiento de la sentencia laboral extranjera

Detalles Bibliográficos
Autor principal: Gm̀ez Jimňez, Jos ̌Manuel
Formato: eBook
Lenguaje:español
Publicado: Barcelona: J.M. Bosch Editor, 2020
Materias:
Acceso en línea:Acceso restringido

MARC

LEADER 00000nam a22000007a 4500
005 20220502222417.0
007 cr|||| ||||
008 220502s2020 ea |||||s|||| 00||0 spa d
020 |a 978-84-122527-7-4 
035 |a 35594 
040 |a vLex 
090 |c 13256  |d 13256 
100 1 |a Gm̀ez Jimňez, Jos ̌Manuel 
245 1 2 |a El cumplimiento de la sentencia laboral extranjera  |h [Recurso electrn̤ico] /  |c Jos ̌Manuel Gm̀ez Jimňez 
256 |a Servicio en ln̕ea 
260 |a Barcelona:  |b J.M. Bosch Editor,  |c 2020 
300 |a 1 recurso electrn̤ico 
500 |a Esta obra aborda el tema de la litigacin̤ laboral internacional, una temt̀ica que, si bien, hoy da̕ es incipiente, en el futuro constituir ̀una prc̀tica procesal reiterada por los r̤ganos judiciales del orden social a la hora de aislar, conocer y resolver litigios laborales internacionales. En las pg̀inas interiores del libro, se analiza el rǧimen jurd̕ico del cumplimiento de la sentencia laboral extranjera desde una triple perspectiva: en primer lugar, el cumplimiento de una sentencia laboral extranjera en nuestro pas̕, en segundo třmino, el cumplimiento en el extranjero de una sentencia laboral dictada por nuestros r̤ganos judiciales del orden social y, por l︢timo, el cumplimiento de una sentencia laboral extranjera en un tercer pas̕ extranjero. Inmersos en esta vorg̀ine iuslaboralista, los operadores jurd̕icos deberǹ manejar con garanta̕s el Derecho Internacional Privado y el Derecho comparado a nivel sustantivo y procesal. Con este props̤ito en mente, a lo largo del texto se incluyen numerosos ejemplos que pretenden conectar al lector con una realidad ±viva» que va por delante de las normas positivas y del conocimiento tradicional del Derecho del Trabajo. 
506 1 |a Disponible solo en los productos indicados  |d vLex Global  |d vLex Global (Academic Edition, excluding Law Schools)  |d vLex Global (U.S. Academic Edition, Law Schools)  |d vLex Global (U.S. Academic Edition, excluding Law Schools)  |d vLex Global (Academic Edition, Law Schools) 
650 0 4 |a Derecho Laboral y Seguridad Social  |z Espaą 
650 0 4 |a Derecho Internacional  |z Espaą 
740 0 |a vLex Libros (Servicio en ln̕ea) 
856 4 0 |u https://app.vlex.com/#/sources/35594  |z Acceso restringido 
942 |c BOOK 
999 0 |a Labor Law and Social Security 
999 0 |a International Law